| 000 | 00620nam a2200205 i 4500 | ||
|---|---|---|---|
| 001 | 105690 | ||
| 003 | ES-MaACL | ||
| 005 | 20240124185724.0 | ||
| 007 | t| | ||
| 008 | 060807s1960 ag ||||1| spa d | ||
| 080 | _a821.134.2-14"19" | ||
| 100 | 1 |
_aConde, Carmen, _d1907-1996 _940088 |
|
| 245 | 1 | 0 |
_aEn un mundo de fugitivos / _cCarmen Conde. |
| 260 |
_aBuenos Aires : _bLosada, _c[1960] |
||
| 300 |
_a149 p. ; _c21 cm. |
||
| 490 | 1 | _aPoetas de España y América | |
| 830 | 1 |
_aPoetas de España y América _9182195 |
|
| 852 |
_aES-MaACL _jAND-503 _z- Biblioteca Juan Andrade |
||
| 999 |
_c105690 _d105690 |
||